000 00345nam a2200157Ia 4500
003 Ost
005 20260225132544.0
008 260225s9999||||xx |||||||||||||| ||und||
040 _cfsic
041 _afre
082 _a440
100 _aPaul albou
_eAuteur
245 0 _ala psychologie economique /
245 0 _cPaul albou
942 _cكتاب
999 _c33685
_d33685